| Registos Bibliográficos associados ao registo de autoridade |
|
Etiqueta de registo: 00254nam 2200025 450 001 2286382 003 http://id.bnportugal.gov.pt/bib/catbnp/2286382 021 ## $aPT$b560080/26 100 ## $a20260515d2026 m y0pory01030103ba 101 0# $apor 102 ## $aPT 105 ## $aa z 000yy 106 ## $ar 200 1# $aÓxido$fPaulo Neves$gtexto José Rui Teixeira 210 #9 $a[S.l.]$cQueres Malmequeres,$dD.L. 2026 215 ## $a15, [31] p.$cil.$d15 cm 700 #1 $aNeves,$bPaulo,$f1959-$31903763 702 #1 $aTeixeira,$bJosé Rui$4070$31998530 801 #0 $aPT$bBN$gRPC 966 ## $lBN$mFGMON$x1 966 ## $lBN$mFGMON$x1 971 ## $casantos$d20260515
|
|
|